| 000 | 00327nam a22001337a 4500 | ||
|---|---|---|---|
| 020 | _a978-1-47113-182-0 | ||
| 082 |
_a158 _bCOV/S |
||
| 100 | _aCOVEY,STEPHEN R | ||
| 245 | _aTHE SEVEN HABITS OF HIGHLY EFFECTIVE PEOPLE | ||
| 260 |
_aUK _bSIMON & SCHUSTER |
||
| 300 | _a391 | ||
| 650 |
_aPERSONALITY DEVELOPMENT _zUK |
||
| 942 | _cBK | ||
| 999 |
_c5120 _d5120 |
||